书目信息 |
| 题名: |
编织复合材料疲劳
|
|
| 作者: | 卡维尔 , 洛莫夫 编著 ;陈煊 译 | |
| 分册: | ||
| 出版信息: | 北京 国防工业出版社 2019 |
|
| 页数: | 16,432页 | |
| 开本: | 24cm | |
| 丛书名: | 新材料新能源学术专著译丛 | |
| 单 册: | ||
| 中图分类: | TB33 | |
| 科图分类: | ||
| 主题词: | 复合材料--疲劳力学--研究 | |
| 电子资源: | ||
| ISBN: | 978-7-118-11724-0 | |
| 000 | 01457nam0 2200301 450 | |
| 001 | 2258406933 | |
| 005 | 20220928161409.81 | |
| 010 | @a978-7-118-11724-0@b精装@dCNY148.00 | |
| 100 | @a20191017d2019 em y0chiy50 ea | |
| 101 | 1 | @achi@cita |
| 102 | @aCN@b110000 | |
| 105 | @aa z 000yy | |
| 200 | 1 | @a编织复合材料疲劳@9bian zhi fu he cai liao pi lao@dFatigue of textile composites@f(意)瓦尔特·卡维尔(Valter Carvelli),(比)斯蒂芬·洛莫夫(Stepan V. Lomov)编著@g陈煊译@zeng |
| 210 | @a北京@c国防工业出版社@d2019 | |
| 215 | @a16,432页@c图@d24cm | |
| 225 | 1 | @a新材料新能源学术专著译丛 |
| 300 | @a装备科技译著出版基金 | |
| 305 | @a由ELSEVIER LTD.授权 | |
| 330 | @a本书第一部分综述了编织复合材料疲劳特性的概念和方法。第二部分介绍了微观疲劳,包括纤维疲劳以及多轴加载下单向铺层的疲劳。第三部分介绍了几种特殊的编织复合材料的疲劳特性,包括二维编织复合材料、三维编织增强复合材料以及针织复合材料。此外,部分章节也介绍了有关编织复合材料疲劳建模、疲劳裂纹的萌生与扩展的内容。第四部分介绍了一些复合材料的应用实例,包括编织复合材料的工艺流程和具有特定用途的材料疲劳性能。 | |
| 461 | 0 | @12001 @a新材料新能源学术专著译丛 |
| 510 | 1 | @aFatigue of textile composites@zeng |
| 606 | 0 | @a复合材料@x疲劳力学@x研究 |
| 690 | @aTB33@v5 | |
| 701 | 0 | @c(意)@a卡维尔@9ka wei er@c(Carvelli, Valter)@4编著 |
| 701 | 0 | @c(比)@a洛莫夫@9luo mo fu@c(Lomov, Stepan V. )@4编著 |
| 702 | 0 | @a陈煊@9chen xuan@4译 |
| 801 | 0 | @aCN@b91MARC@c20191020 |
| 905 | @aZUCC@dTB33@e2 | |
| 编织复合材料疲劳=Fatigue of textile composites/(意)瓦尔特·卡维尔(Valter Carvelli),(比)斯蒂芬·洛莫夫(Stepan V. Lomov)编著/陈煊译.-北京:国防工业出版社,2019 |
| 16,432页:图;24cm.-(新材料新能源学术专著译丛) |
| 装备科技译著出版基金 |
| ISBN 978-7-118-11724-0(精装):CNY148.00 |
| 本书第一部分综述了编织复合材料疲劳特性的概念和方法。第二部分介绍了微观疲劳,包括纤维疲劳以及多轴加载下单向铺层的疲劳。第三部分介绍了几种特殊的编织复合材料的疲劳特性,包括二维编织复合材料、三维编织增强复合材料以及针织复合材料。此外,部分章节也介绍了有关编织复合材料疲劳建模、疲劳裂纹的萌生与扩展的内容。第四部分介绍了一些复合材料的应用实例,包括编织复合材料的工艺流程和具有特定用途的材料疲劳性能。 |
| ● |
| 相关链接 |
|
|
|
正题名:编织复合材料疲劳
索取号:TB33/2
 
预约/预借
| 序号 | 登录号 | 条形码 | 馆藏地/架位号 | 状态 | 备注 |
| 1 | 2000904871 | 2000904871 | 第三书库/ [索取号:TB33/2] | 在馆 | |
| 2 | 2000904872 | 2000904872 | 第三书库/ [索取号:TB33/2] | 在馆 | |
| 3 | 2000904873 | 2000904873 | 第三书库/ [索取号:TB33/2] | 在馆 |